000 00659cam a2200145 4500500
005 20251228082903.0
041 _afre
042 _adc
100 1 0 _aGély, Véronique
_eauthor
245 0 0 _aBenoît Bolduc, Andromède au rocher. Fortune théâtrale d’une image en France et en Italie, 1587-1712, Firenze, Leo S. Olschki Editore, coll. « Teatro, studi & testi », no 12, 2002, 389 pages, 14 pl. noir et blanc.
260 _c2005.
500 _a36
786 0 _nDix-septième siècle | 227 | 2 | 2005-06-01 | p. 355g-376g | 0012-4273
856 4 1 _uhttps://shs.cairn.info/revue-dix-septieme-siecle-2005-2-page-355g?lang=fr&redirect-ssocas=7080
999 _c1599997
_d1599997